| 000 | 01006nac a22002531u 4500 | ||
|---|---|---|---|
| 082 |
_a617.96 _bN168 |
||
| 090 |
_c3477 _d3477 |
||
| 100 | _aNarshy, William. | ||
| 245 |
_aEssentials Of Anaesthesia And Resucitation / _cWilliam Narshy, Hassan Zayed. |
||
| 260 |
_aAlexandria: _bFaculty Of Medicine, Alexandria University,C.1995. _cC.1995. |
||
| 300 |
_a200p: _bill; _c21cm. |
||
| 500 | _aDonations. | ||
| 500 | _aDonations - Bibliotheca Alexandrina. | ||
| 650 | _aAnesthesia. | ||
| 650 | _aResuscitation. | ||
| 650 | _aEmergency medicine. | ||
| 650 | _aAnesthesia--methods. | ||
| 650 | _aResuscitation--methods. | ||
| 650 | _aEmergency Medicine--methods. | ||
| 700 | _aZayed, Hassan. | ||
| 942 |
_cBB _k617.96N168 |
||
| 999 |
_c3477 _d3477 |
||